| 000 | 00000nam##2200000za#4500 |
| 001 | 9.637208 |
| 003 | CaOODSP |
| 005 | 20210624221109 |
| 007 | cr ||||||||||| |
| 008 | 150407|2010||||xxc|||||o f|0| 0 fre|d |
| 020 | |a978-1-100-93528-7 |
| 040 | |aCaOODSP|bfre |
| 043 | |an-cn--- |
| 086 | 1 |aHS64-10/2010F-PDF |
| 110 | 1 |aCanada. |bRessources humaines et développement des compétences Canada. |
| 245 | 10|aSoutien aux Canadiens à faible revenu |h[ressource électronique] |
| 260 | |aGatineau - Québec : |bRessources humaines et Développement des compétences Canada |c[2010]. |
| 300 | |a2p. |
| 500 | |aEn tête du titre : Plan d'action économique du Canada. |
| 590 | |a13-05-Supp|b2013-02-27 |
| 691 | 07|aFaible revenu|2gcpds |
| 775 | 08|tSupport for low-income Canadians |w(CaOODSP)9.693000 |
| 776 | 0#|tSoutien aux canadiens à faible revenu |w(CaOODSP)9.684840 |
| 856 | 40|ahttp://publications.gc.ca|qPDF|s91 Ko|uhttps://publications.gc.ca/collections/collection_2013/rhdcc-hrsdc/HS64-10-2010-fra.pdf |